|
|
|
|
| LEADER |
01889cas a2200265 a 4500 |
| 001 |
AALejournalIMF006186 |
| 008 |
230101c9999 xx r poo 0 0eng d |
| 020 |
|
|
|c 5.00 USD
|
| 020 |
|
|
|z 9781451874228
|
| 022 |
|
|
|a 1018-5941
|
| 040 |
|
|
|a BD-DhAAL
|c BD-DhAAL
|
| 100 |
1 |
|
|a Espinosa-Bowen, Jaime.
|
| 245 |
1 |
0 |
|a How Russia Affects the Neighborhood :
|b Trade, Financial, and Remittance Channels /
|c Jaime Espinosa-Bowen, Nadeem Ilahi, Fahad Alturki.
|
| 264 |
|
1 |
|a Washington, D.C. :
|b International Monetary Fund,
|c 2009.
|
| 300 |
|
|
|a 1 online resource (25 pages)
|
| 490 |
1 |
|
|a IMF Working Papers
|
| 500 |
|
|
|a <strong>Off-Campus Access:</strong> No User ID or Password Required
|
| 500 |
|
|
|a <strong>On-Campus Access:</strong> No User ID or Password Required
|
| 506 |
|
|
|a Electronic access restricted to authorized BRAC University faculty, staff and students
|
| 520 |
3 |
|
|a We test the extent to which growth in the 11 CIS countries (excluding Russia) was associated with developments in Russia, overall, as well as through the trade, financial and remittance channels over the last decade or so. The results point to the continued existence of economic links between the CIS countries and Russia, though these links may have altered since the 1998 crisis. Russia appears to influence regional growth mainly through the remittance channel and somewhat less so through the financial channel. There is a shrinking role of the trade (exports to Russia) channel. Russian growth shocks are associated with sizable effects on Belarus, Kazakhstan, Kyrgyz Republic, Tajikistan, and, to some extent, Georgia.
|
| 538 |
|
|
|a Mode of access: Internet
|
| 700 |
1 |
|
|a Alturki, Fahad.
|
| 700 |
1 |
|
|a Ilahi, Nadeem.
|
| 830 |
|
0 |
|a IMF Working Papers; Working Paper ;
|v No. 2009/277
|
| 856 |
4 |
0 |
|z Full text available on IMF
|u http://elibrary.imf.org/view/journals/001/2009/277/001.2009.issue-277-en.xml
|z IMF e-Library
|